| 000 | 00702nam a2200205 4500 | ||
|---|---|---|---|
| 001 | 113685 | ||
| 003 | ES-MaACL | ||
| 005 | 20230906185957.0 | ||
| 007 | t| | ||
| 008 | 061121s1977 sp r ||||1| spa d | ||
| 245 | 0 | 4 |
_aLos Pactos de la Moncloa _b: texto completo del acuerdo económico y del acuerdo político, Madrid 8-27 octubre 1977. |
| 250 | _a[4ª ed.]. | ||
| 260 |
_aMadrid : _bPresidencia del Gobierno, Servicio Central de Publicaciones. |
||
| 300 |
_a96 p. ; _c17 cm. |
||
| 490 | 1 |
_aColección informe ; _v17 |
|
| 710 | 1 |
_aEspaña. _bPresidencia del Gobierno. _93951 |
|
| 830 | 0 |
_aColección informe ; _v17 _9182115 |
|
| 852 |
_aES-MaACL _jL-5976 _bR.106018 |
||
| 999 |
_c113685 _d113685 |
||